ბათუმის შოთა რუსთაველის სახელმწიფო უნივერსიტეტის ბიბლიოთეკა

Life after death and the world beyond.Investigating heaven and the spiritual dimension. (ბიბ.ჩანაწერი № 47065)

000 -LEADER
fixed length control field 00573nam a2200205Ia 4500
001 - CONTROL NUMBER
control field 13922
003 - CONTROL NUMBER IDENTIFIER
control field GE_BSU
008 - FIXED-LENGTH DATA ELEMENTS--GENERAL INFORMATION
fixed length control field 181216s||||||||xx |||||||||||||| ||und||
040 ## - CATALOGING SOURCE
Transcribing agency GE_BSU
080 ## - UNIVERSAL DECIMAL CLASSIFICATION NUMBER
Universal Decimal Classification number 577
100 ## - MAIN ENTRY--PERSONAL NAME
Personal name Randles,Jenny; Hough,Peter.
245 ## - TITLE STATEMENT
Title Life after death and the world beyond.Investigating heaven and the spiritual dimension.
260 ## - PUBLICATION, DISTRIBUTION, ETC.
Place of publication, distribution, etc. London.
260 ## - PUBLICATION, DISTRIBUTION, ETC.
Name of publisher, distributor, etc. BCA.
260 ## - PUBLICATION, DISTRIBUTION, ETC.
Date of publication, distribution, etc. 1996
300 ## - PHYSICAL DESCRIPTION
Extent 174p;25cm.
300 ## - PHYSICAL DESCRIPTION
Other physical details ill.
653 ## - INDEX TERM--UNCONTROLLED
Uncontrolled term Life after death and the world beyond.Investigating heaven and the spiritual dimension.
942 ## - ADDED ENTRY ELEMENTS (KOHA)
Koha item type წიგნი
ეგზემპლარები
Withdrawn status Lost status Damaged status Not for loan Date acquired Barcode Date last seen Price effective from Koha item type
        2018-12-17 36805 2018-12-17 2018-12-17 წიგნი